000 01075cad a22001935a 4500
001 E147345
008 090501e20080111xxk 000 0 eng d
035 _a(Sirsi) u147345
041 0 _aeng
245 0 0 _aElaine Ritchie v Anne C Douglas and Others
_bopinion
_h[electronic resource]
260 _c2008
520 _aLTS/TC/2007/26 11 January 2008. Concerned an application by the owner of a ground floor flat in a house converted into 15 properties to vary a title restriction to allow the conversion of a window into a French door. The title conditions required the unanimous consent of the other flat owners for external structural alteration. Most of them opposed the application. "Held": application granted.
650 2 4 _aELAINE RITCHIE V ANNE C DOUGLAS AND ORS
650 2 4 _aTITLE CONDITIONS (SCOTLAND) ACT 2003
651 4 _aScotland
_y1999-
690 _aPlanning and development
_96259
856 4 0 _uhttps://www.lands-tribunal-scotland.org.uk/decisions/LTS.TC.2007.26.html
_zView the decision free of charge at www.lands-tribunal-scotland.org.uk...
942 _n0
999 _c81494
_d81494